000 00696nam a2200205 i 4500
001 66408
003 ES-MaACL
005 20230906165629.0
007 t|
008 040213s2001 ag ||||1| spa d
020 _a950-786-272-2
080 _a1"20"
245 0 4 _aLos caminos de la racionalidad
_b: mito, filosofía y religión /
_cRubén R. Dri (editor).
260 _aBuenos Aires :
_bBiblos,
_cimp. 2001.
300 _a177 p. ;
_c23 cm.
505 8 _aInés Areco, Rubén Dri, Gabriel E. Kaplan, María José Rossi, Miguel A. Rossi, María Antonia Sánchez, Silvia Ziblat
650 1 4 _aFilosofía-
_yS.XX.
_912826
700 1 _aDri, Ruben.
_945635
852 _aES-MaACL
_jL-26806
_bR.132406
999 _c66408
_d66408